000 00742nam a2200241 a 4500
999 _c11410
_d11410
001 11410
003 BD-JhCC
005 20190919140657.0
008 190611b 2015bg |||| ||a| 000 0 ben d
020 _a9847009603013
035 _a(BD-JhCC)11410
040 _aBD-JhCC
_dBD-JhCC
041 _aben
082 _bMAH 2015
_a923.1
100 _aমাহমুদ, ড. আনু
245 _aরাষ্ট্রনায়ক শেখ হাসিনা /
_cড. আনু মাহমুদ ।
260 _aঢাকা:
_bতাম্রলিপি;
_c২০১৫.
300 _a৭০৪ পৃ. :
_c২২ সেমি.
600 _aHasina, Sheikh
650 _aBiography
942 _2ddc
_cBK